[Event "Doeberl Cup 61st"]
[Site "Canberra"]
[Date "2024.03.31"]
[Round "7"]
[White "Litchfield, Frederick"]
[Black "Chen, Peng"]
[Result "1/2-1/2"]
[WhiteElo "2211"]
[BlackElo "2450"]
[PlyCount "112"]
[EventDate "2024.03.28"]
[EventType "swiss"]
[EventRounds "9"]
[EventCountry "AUS"]
[SourceTitle "CB14_2024"]
[SourceDate "2024.04.01"]
[SourceVersion "1"]
[SourceVersionDate "2024.04.01"]
[SourceQuality "1"]

1. Nf3 Nf6 2. e3 c5 3. b3 g6 4. Bb2 Bg7 5. g4 d6 6. h3 Nc6 7. Bg2 0-0 8. d3 Bd7 9. Nbd2 b5 10. Qc1 Rc8 11. 0-0 h5 12. g5 Ne8 13. Ne4 a6 14. Nh4 c4 15. Bxg7 Nxg7 16. dxc4 bxc4 17. Qd2 Qa5 18. c3 Nf5 19. b4 Qb6 20. Nxf5 Bxf5 21. f4 Rcd8 22. Rad1 Bxe4 23. Bxe4 d5 24. Bc2 e6 25. a4 e5 26. Qf2 e4 27. Rd2 a5 28. b5 Ne7 29. Rfd1 Qe6 30. Kh2 Rd6 31. Rg1 Nf5 32. Bd1 Qe7 33. Ra2 Qa7 34. Re1 Qb6 35. Rd2 Rfd8 36. Kg1 Qc5 37. Ra2 Kf8 38. Qd2 Ke7 39. Qc1 Qb6 40. Rg2 Kd7 41. Kh2 Kc7 42. Rge2 Qc5 43. Ra2 Kb6 44. Rae2 Qc7 45. Rf2 f6 46. Rg2 Rf8 47. Qd2 Qc5 48. gxf6 Rfxf6 49. Rg5 Ng7 50. Reg1 Nf5 51. Re1 Ne7 52. Reg1 Rf5 53. R5g3 Rff6 54. Rg5 Nf5 55. Re1 Qa3 56. Reg1 Qc5 1/2-1/2

[Event "Titled Tuesday intern op 13th Jun Late"]
[Site "Chess.com INT"]
[Date "2023.06.13"]
[Round "10"]
[White "Litchfield, Frederick"]
[Black "Grutter, Tim"]
[Result "0-1"]
[WhiteElo "2197"]
[BlackElo "2300"]
[PlyCount "70"]
[EventDate "2023.06.13"]
[EventType "swiss (blitz)"]
[EventRounds "11"]
[EventCountry "USA"]
[SourceTitle "EXT 2024"]
[Source "ChessBase"]
[SourceDate "2023.10.10"]
[SourceVersion "1"]
[SourceVersionDate "2023.10.10"]
[SourceQuality "1"]

1. d4 Nf6 2. c4 e6 3. Nc3 Bb4 4. e3 0-0 5. Nge2 c5 6. a3 Bxc3+ 7. Nxc3 cxd4 8. exd4 d5 9. Bg5 dxc4 10. Bxc4 Nc6 11. d5 exd5 12. Nxd5 Qe8+ 13. Ne3 Qe5 14. Bxf6 Qxf6 15. Qc1 Na5 16. 0-0 Nxc4 17. Nxc4 Be6 18. Ne3 Rac8 19. Qb1 Rfd8 20. b4 Rd2 21. Qe1 Rcd8 22. Rd1 Rxd1 23. Nxd1 Bc4 24. Ne3 Bxf1 25. Qxf1 Rd2 26. g3 Ra2 27. Qb5 Ra1+ 28. Kg2 Qc6+ 29. Qxc6 bxc6 30. Nc4 Rc1 31. Ne5 c5 32. b5 Rb1 33. a4 Rb4 34. Nd3 Rxa4 35. Nxc5 Ra5 0-1

[Event "Titled Tuesday intern op 13th Jun Late"]
[Site "Chess.com INT"]
[Date "2023.06.13"]
[Round "7"]
[White "Litchfield, Frederick"]
[Black "Papasimakopoulos, Alexandros"]
[Result "1-0"]
[WhiteElo "2197"]
[BlackElo "2401"]
[PlyCount "65"]
[EventDate "2023.06.13"]
[EventType "swiss (blitz)"]
[EventRounds "11"]
[EventCountry "USA"]
[SourceTitle "EXT 2024"]
[Source "ChessBase"]
[SourceDate "2023.10.10"]
[SourceVersion "1"]
[SourceVersionDate "2023.10.10"]
[SourceQuality "1"]

1. d4 Nf6 2. c4 e6 3. Nc3 Bb4 4. e3 0-0 5. Nge2 c6 6. a3 Ba5 7. b4 Bc7 8. Bb2 d5 9. Ng3 Re8 10. Bd3 Nbd7 11. Rc1 e5 12. cxd5 exd4 13. dxc6 bxc6 14. Nce4 dxe3 15. 0-0 Nxe4 16. Nxe4 Ne5 17. Bxe5 Bxe5 18. fxe3 a5 19. Qf3 Be6 20. Bc4 Bxc4 21. Rxc4 Qd7 22. Nc5 Qd5 23. Re4 axb4 24. axb4 Bd6 25. Rd1 Rxe4 26. Rxd5 cxd5 27. Nxe4 dxe4 28. Qxe4 Rb8 29. b5 Kf8 30. Qc6 Be5 31. Qc5+ Bd6 32. Qxd6+ Kg8 33. Qxb8# 1-0

[Event "Titled Tuesday intern op 13th Jun Late"]
[Site "Chess.com INT"]
[Date "2023.06.13"]
[Round "11"]
[White "Ricaurte Lopez, Juan Carlos"]
[Black "Litchfield, Frederick"]
[Result "0-1"]
[WhiteElo "2226"]
[BlackElo "2197"]
[PlyCount "80"]
[EventDate "2023.06.13"]
[EventType "swiss (blitz)"]
[EventRounds "11"]
[EventCountry "USA"]
[SourceTitle "EXT 2024"]
[Source "ChessBase"]
[SourceDate "2023.10.10"]
[SourceVersion "1"]
[SourceVersionDate "2023.10.10"]
[SourceQuality "1"]

1. e4 c5 2. d4 cxd4 3. c3 dxc3 4. Nxc3 Nc6 5. Bc4 e6 6. Nf3 Nf6 7. e5 d5 8. exf6 dxc4 9. Qxd8+ Nxd8 10. Bg5 h6 11. Bh4 gxf6 12. Bxf6 Rg8 13. 0-0-0 Be7 14. Bxe7 Kxe7 15. g3 Bd7 16. Ne5 Bc6 17. Rhe1 Rc8 18. Nxc4 Bf3 19. Rd4 Nc6 20. Rf4 Nb4 21. Ne5 Nxa2+ 22. Kc2 Bh5 23. Ra1 Nxc3 24. bxc3 Rc5 25. Nc4 Rgc8 26. Kb3 e5 27. Re4 f6 28. Rxa7 R8c7 29. Na5 Rxc3+ 30. Kb4 Rc1 31. Kb5 Rb1+ 32. Rb4 Be8+ 33. Kb6 Rxb4+ 34. Kxc7 Ra4 35. Kxb7 Ke6 36. Kb6 Kf5 37. Re7 Rb4+ 38. Kc7 Ba4 39. Nb7 Rb2 40. Nd6+ Kg4 0-1

[Event "Titled Tuesday intern op 13th Jun Late"]
[Site "Chess.com INT"]
[Date "2023.06.13"]
[Round "1"]
[White "Rustemov, Alexander"]
[Black "Litchfield, Frederick"]
[Result "0-1"]
[WhiteElo "2525"]
[BlackElo "2197"]
[PlyCount "144"]
[EventDate "2023.06.13"]
[EventType "swiss (blitz)"]
[EventRounds "11"]
[EventCountry "USA"]
[SourceTitle "EXT 2024"]
[Source "ChessBase"]
[SourceDate "2023.10.10"]
[SourceVersion "1"]
[SourceVersionDate "2023.10.10"]
[SourceQuality "1"]

1. d4 d5 2. c4 c6 3. Nc3 Nf6 4. e3 Bf5 5. cxd5 cxd5 6. Qb3 Nc6 7. Qxb7 Bd7 8. Qb3 Rb8 9. Qd1 Bf5 10. Bb5 Qb6 11. Nf3 a6 12. Bxc6+ Qxc6 13. Ne5 Qb7 14. Qa4+ Nd7 15. 0-0 f6 16. Nxd7 Bxd7 17. Qd1 Rc8 18. Qh5+ g6 19. Qxd5 Bc6 20. Qb3 Bxg2 21. Qxb7 Bxb7 22. e4 e6 23. f3 f5 24. Bf4 Bb4 25. exf5 gxf5 26. Rac1 Kf7 27. Kf2 Rhd8 28. Ne2 Bd5 29. a3 Be7 30. Be5 a5 31. Nf4 Bh4+ 32. Ke3 Rg8 33. Nxd5 exd5 34. Rc5 Rxc5 35. dxc5 Ke6 36. b4 Kxe5 37. f4+ Ke6 38. b5 Rc8 39. c6 Bd8 40. Kd3 Bb6 41. Re1+ Kd6 42. Re5 Rf8 43. a4 h6 44. h3 Rf7 45. Re8 Kc5 46. Re5 Kb4 47. Rxd5 Kxa4 48. Kc4 Ka3 49. Rd3+ Kb2 50. Rb3+ Kc2 51. Rg3 Kd2 52. Rg6 Ke3 53. Rxh6 Kxf4 54. Rd6 Ke5 55. Rd1 f4 56. Re1+ Kd6 57. Rd1+ Kc7 58. Rf1 f3 59. Kd5 f2 60. Ke4 Rh7 61. Kf3 Rxh3+ 62. Kg2 Rb3 63. Rh1 Rxb5 64. Rh7+ Kxc6 65. Rh6+ Kb7 66. Rh7+ Ka6 67. Rh6 Rg5+ 68. Kf1 Rg1+ 69. Ke2 f1Q+ 70. Kd2 Rg2+ 71. Kc3 Qf3+ 72. Kc4 Rg4# 0-1

[Event "Titled Tuesday intern op 06th Jun Late"]
[Site "Chess.com INT"]
[Date "2023.06.06"]
[Round "3"]
[White "Litchfield, Frederick"]
[Black "Cardozo, D Cesar G"]
[Result "0-1"]
[WhiteElo "2197"]
[BlackElo "2043"]
[PlyCount "54"]
[EventDate "2023.06.06"]
[EventType "swiss (blitz)"]
[EventRounds "11"]
[EventCountry "USA"]
[SourceTitle "EXT 2024"]
[Source "ChessBase"]
[SourceDate "2023.10.10"]
[SourceVersion "1"]
[SourceVersionDate "2023.10.10"]
[SourceQuality "1"]

1. b3 Nf6 2. Bb2 g6 3. Bxf6 exf6 4. c4 Bg7 5. Nc3 0-0 6. g3 a6 7. Bg2 c6 8. Nh3 d6 9. Nf4 Nd7 10. 0-0 Re8 11. e3 Nf8 12. d4 Ne6 13. Nxe6 fxe6 14. h4 e5 15. h5 f5 16. dxe5 dxe5 17. Qxd8 Rxd8 18. Rad1 Be6 19. Na4 Bf8 20. hxg6 hxg6 21. Bf3 Kf7 22. Kg2 Kf6 23. Rh1 Be7 24. Nb6 Rxd1 25. Rxd1 Rd8 26. Rxd8 Bxd8 27. b4 Bxb6 0-1

[Event "Titled Tuesday intern op 06th Jun Late"]
[Site "Chess.com INT"]
[Date "2023.06.06"]
[Round "4"]
[White "Vila Dupla, Aurelio"]
[Black "Litchfield, Frederick"]
[Result "1-0"]
[WhiteElo "2030"]
[BlackElo "2197"]
[PlyCount "83"]
[EventDate "2023.06.06"]
[EventType "swiss (blitz)"]
[EventRounds "11"]
[EventCountry "USA"]
[SourceTitle "EXT 2024"]
[Source "ChessBase"]
[SourceDate "2023.10.10"]
[SourceVersion "1"]
[SourceVersionDate "2023.10.10"]
[SourceQuality "1"]

1. Nf3 Nf6 2. d4 e6 3. g3 b6 4. Bg2 Bb7 5. 0-0 Be7 6. c4 0-0 7. Nc3 d6 8. b3 c5 9. Bb2 Nbd7 10. Re1 a6 11. Rc1 Qc7 12. e4 cxd4 13. Nxd4 Rac8 14. h3 Rfe8 15. Qd2 Qb8 16. Re2 h5 17. Rce1 Bd8 18. Nf3 Bc7 19. Ng5 h4 20. g4 Ne5 21. f4 Ned7 22. Nd1 d5 23. e5 Nh7 24. Nxh7 Kxh7 25. cxd5 exd5 26. Bxd5 Nc5 27. Bxb7 Qxb7 28. f5 Kg8 29. Qg5 Bd8 30. f6 g6 31. Qh6 Ne6 32. Qxh4 Qd7 33. Ne3 Qb5 34. Nf5 Qb4 35. Nh6+ Kf8 36. Nxf7 Kxf7 37. Qh7+ Kf8 38. Qh8+ Kf7 39. Qh7+ Kf8 40. Qxg6 Qc5+ 41. Rf2 Qb4 42. Ref1 1-0

[Event "Titled Tuesday intern op 30th May Late"]
[Site "Chess.com INT"]
[Date "2023.05.30"]
[Round "7"]
[White "Botez, Alexandra"]
[Black "Litchfield, Frederick"]
[Result "1-0"]
[WhiteElo "1977"]
[BlackElo "2197"]
[PlyCount "91"]
[EventDate "2023.05.30"]
[EventType "swiss (blitz)"]
[EventRounds "11"]
[EventCountry "USA"]
[SourceTitle "CBM 214 Extra"]
[Source "ChessBase"]
[SourceDate "2023.07.31"]
[SourceVersion "1"]
[SourceVersionDate "2023.07.31"]
[SourceQuality "1"]

1. e4 e6 2. c4 c5 3. Nc3 a6 4. Nf3 d6 5. d4 cxd4 6. Nxd4 Nf6 7. Be3 Be7 8. Be2 Nbd7 9. 0-0 Qc7 10. Rc1 0-0 11. f4 Re8 12. b4 b6 13. f5 Ne5 14. fxe6 fxe6 15. Qb3 Kh8 16. a3 Bd7 17. Bf4 Rac8 18. Bxe5 dxe5 19. Nf3 a5 20. Rfd1 Bc6 21. Ng5 Bf8 22. c5 axb4 23. axb4 bxc5 24. Nxe6 Qb6 25. Nxf8 cxb4+ 26. Kh1 Rxf8 27. Nd5 Qf2 28. Bf3 Bxd5 29. exd5 Rxc1 30. Rxc1 e4 31. Qxb4 Rd8 32. Bxe4 Qf4 33. Re1 Nxd5 34. Bxd5 Qxb4 35. Rf1 Rf8 36. Rxf8+ Qxf8 37. Bf3 g6 38. h3 Qf4 39. Kg1 Qg3 40. Kf1 Kg7 41. Kg1 Kf6 42. Kf1 Ke5 43. Kg1 Kd4 44. Kf1 Ke3 45. Kg1 h5 46. Kh1 1-0

[Event "Titled Tuesday intern op 30th May Late"]
[Site "Chess.com INT"]
[Date "2023.05.30"]
[Round "8"]
[White "Litchfield, Frederick"]
[Black "Vila Dupla, Aurelio"]
[Result "1/2-1/2"]
[WhiteElo "2197"]
[BlackElo "2030"]
[PlyCount "116"]
[EventDate "2023.05.30"]
[EventType "swiss (blitz)"]
[EventRounds "11"]
[EventCountry "USA"]
[SourceTitle "CBM 214 Extra"]
[Source "ChessBase"]
[SourceDate "2023.07.31"]
[SourceVersion "1"]
[SourceVersionDate "2023.07.31"]
[SourceQuality "1"]

1. d4 Nf6 2. c4 g6 3. Nc3 d5 4. cxd5 Nxd5 5. Bd2 Nb6 6. Nf3 Bg7 7. e4 0-0 8. Be3 Bg4 9. Be2 Nc6 10. d5 Na5 11. Nd2 Bxe2 12. Qxe2 e6 13. dxe6 fxe6 14. 0-0-0 Qe7 15. Nb3 Nxb3+ 16. axb3 a5 17. Bd4 a4 18. Bxg7 Kxg7 19. bxa4 Nxa4 20. Qc4 Nxc3 21. Qxc3+ e5 22. f3 Ra6 23. Kb1 Rfa8 24. f4 Rc6 25. Qxe5+ Qxe5 26. fxe5 Rf8 27. Rd7+ Rf7 28. Rhd1 Re6 29. R1d5 Rfe7 30. Rxe7+ Rxe7 31. Kc2 Kf7 32. Kd3 Ke6 33. Kd4 Rf7 34. Rc5 c6 35. Rc2 Rd7+ 36. Kc5 Rd1 37. Kb6 Rd7 38. Rc5 Rf7 39. b4 Rf4 40. Kxb7 Rxe4 41. Rxc6+ Kxe5 42. Rb6 Re2 43. b5 Rxg2 44. h3 Rh2 45. Ra6 Rxh3 46. b6 Rb3 47. Ra7 Kf4 48. Kc6 g5 49. Rxh7 g4 50. Rf7+ Kg3 51. Rf5 Rxb6+ 52. Kxb6 Kh2 53. Kc5 g3 54. Kd4 g2 55. Rh5+ Kg3 56. Ke4 g1Q 57. Rg5+ Kf2 58. Rxg1 Kxg1 1/2-1/2

[Event "Titled Tuesday intern op 30th May Late"]
[Site "Chess.com INT"]
[Date "2023.05.30"]
[Round "2"]
[White "Novikova, Margarita"]
[Black "Litchfield, Frederick"]
[Result "1/2-1/2"]
[WhiteElo "1985"]
[BlackElo "2197"]
[PlyCount "215"]
[EventDate "2023.05.30"]
[EventType "swiss (blitz)"]
[EventRounds "11"]
[EventCountry "USA"]
[SourceTitle "CBM 214 Extra"]
[Source "ChessBase"]
[SourceDate "2023.07.31"]
[SourceVersion "1"]
[SourceVersionDate "2023.07.31"]
[SourceQuality "1"]

1. e4 c5 2. Nc3 Nc6 3. d3 e6 4. Be3 d5 5. exd5 exd5 6. d4 cxd4 7. Bxd4 Be6 8. Bb5 Nge7 9. Nf3 a6 10. Ba4 b5 11. Bb3 Qd6 12. 0-0 Nxd4 13. Nxd4 b4 14. Nxe6 fxe6 15. Ne2 Ng6 16. Nd4 Kf7 17. Qf3+ Qf4 18. Nxe6 Qxf3 19. Ng5+ Kf6 20. Nxf3 Rd8 21. Rad1 Nf4 22. Rfe1 Bc5 23. g3 Nh3+ 24. Kg2 Nxf2 25. Rxd5 Rxd5 26. Bxd5 Ng4 27. Bb3 Ne3+ 28. Kh3 Rd8 29. c3 g5 30. g4 h5 31. Nd4 Bxd4 32. cxd4 hxg4+ 33. Kg3 Nf5+ 34. Kg2 Rxd4 35. Re2 a5 36. Rf2 Ke5 37. Re2+ Re4 38. Rf2 Nh4+ 39. Kf1 Rf4 40. Bd1 Rxf2+ 41. Kxf2 Kf4 42. Be2 Nf3 43. h3 Nd4 44. Bxg4 Nc2 45. Be6 Ne3 46. Bg8 a4 47. Be6 Nd1+ 48. Ke1 Nxb2 49. Kd2 Ke4 50. Kc2 Nd3 51. Bd7 Nc5 52. Bc6+ Kd4 53. Kb2 Kc4 54. Be8 a3+ 55. Kc2 Kd4 56. Bf7 Ke4 57. Be8 Kf4 58. Bh5 Kg3 59. Bg4 Kf4 60. Bc8 Ke4 61. Bg4 Ke3 62. Bc8 Kd4 63. Bg4 Kc4 64. Bc8 b3+ 65. axb3+ Kb4 66. Bg4 Nxb3 67. Kb1 Nc5 68. Ka2 Ne4 69. Be6 Nc3+ 70. Ka1 Kc5 71. Bg4 Kd4 72. Bc8 Ke3 73. Bg4 Kf4 74. Bc8 Kg3 75. Bg4 Ne4 76. Bc8 Nf2 77. Ka2 Nxh3 78. Kxa3 Nf2 79. Kb2 Ne4 80. Kc2 Kf3 81. Kd3 Kf4 82. Ke2 Ng3+ 83. Kf2 Nf5 84. Kg2 g4 85. Bd7 Ne3+ 86. Kg1 g3 87. Bc6 Nf5 88. Bd5 Nh4 89. Bh1 Ke3 90. Bc6 Ng6 91. Bh1 Nf4 92. Bc6 Ke2 93. Bb7 Ke3 94. Bh1 Ne2+ 95. Kg2 Kf4 96. Kh3 Ng1+ 97. Kg2 Nf3 98. Kf1 Nh2+ 99. Kg1 Ng4 100. Kg2 Ne5 101. Kg1 Kg4 102. Bg2 Nd3 103. Bf1 Nf4 104. Be2+ Kh3 105. Bf1+ Kh4 106. Bb5 g2 107. Bc6 Kg3 108. Bxg2 1/2-1/2

[Event "Titled Tuesday intern op 23rd May Late"]
[Site "Chess.com INT"]
[Date "2023.05.23"]
[Round "4"]
[White "Litchfield, Frederick"]
[Black "Martinez, Ayelen"]
[Result "1-0"]
[WhiteElo "2197"]
[BlackElo "2099"]
[PlyCount "91"]
[EventDate "2023.05.23"]
[EventType "swiss (blitz)"]
[EventRounds "11"]
[EventCountry "USA"]
[SourceTitle "EXT 2024"]
[Source "ChessBase"]
[SourceDate "2023.10.10"]
[SourceVersion "1"]
[SourceVersionDate "2023.10.10"]
[SourceQuality "1"]

1. d4 Nf6 2. c4 g6 3. Nc3 Bg7 4. e4 Bf8 5. e5 Ng8 6. f4 d6 7. Nf3 h5 8. Be3 Nh6 9. Bd3 Ng4 10. Bg1 dxe5 11. fxe5 Bh6 12. Qe2 c5 13. d5 Bg7 14. h3 Nh6 15. Bxc5 Na6 16. Bd4 Nf5 17. Bxf5 Bxf5 18. a3 Rc8 19. b3 Nc5 20. Bxc5 Rxc5 21. 0-0 Rc8 22. Nd4 Qb6 23. Qf2 Bxe5 24. Rad1 Bxd4 25. Qxd4 Bc2 26. d6 Qxd4+ 27. Rxd4 exd6 28. b4 0-0 29. Nb5 d5 30. c5 Rce8 31. Nd6 Re2 32. Rf2 Re1+ 33. Rf1 Re2 34. Rxd5 Rd8 35. Rf2 Re1+ 36. Rf1 Re2 37. Rf2 Re1+ 38. Kh2 Be4 39. Rd4 Bc6 40. Rdf4 Rd7 41. Rxf7 Rxf7 42. Nxf7 Kg7 43. Ng5 Ra1 44. Rb2 Rb1 45. Rxb1 a5 46. b5 1-0

[Event "Titled Tuesday intern op 16th May Late"]
[Site "Chess.com INT"]
[Date "2023.05.16"]
[Round "5"]
[White "Litchfield, Frederick"]
[Black "Nazari, Arad"]
[Result "0-1"]
[WhiteElo "2197"]
[BlackElo "2367"]
[PlyCount "78"]
[EventDate "2023.05.16"]
[EventType "swiss (blitz)"]
[EventRounds "11"]
[EventCountry "USA"]
[SourceTitle "CBM 214 Extra"]
[Source "ChessBase"]
[SourceDate "2023.07.31"]
[SourceVersion "1"]
[SourceVersionDate "2023.07.31"]
[SourceQuality "1"]

1. Nf3 c5 2. b3 Nc6 3. Bb2 d6 4. e3 e5 5. d4 e4 6. Nfd2 cxd4 7. exd4 d5 8. Be2 Bd6 9. c4 Nge7 10. a3 e3 11. fxe3 Nf5 12. Nf1 Qh4+ 13. Kd2 Nfxd4 14. exd4 Nxd4 15. Kc1 Be5 16. Nbd2 Qf6 17. Ra2 0-0 18. Nf3 Bf4+ 19. N1d2 Nxe2+ 20. Qxe2 Qg6 21. g3 Bh6 22. Re1 Bf5 23. Bd4 Bb1 24. Rb2 Bd3 25. Qf2 dxc4 26. bxc4 Qc6 27. Ne5 Qa4 28. Nxd3 Qxc4+ 29. Kb1 Qxd3+ 30. Ka2 Rfd8 31. Be3 Qd5+ 32. Ka1 Qd3 33. Bxh6 Qxa3+ 34. Kb1 Qd3+ 35. Ka1 Rd6 36. Qf4 Ra6+ 37. Ra2 Qc3+ 38. Kb1 Rb6+ 39. Rb2 Qxb2# 0-1

[Event "Titled Tuesday intern op 16th May Late"]
[Site "Chess.com INT"]
[Date "2023.05.16"]
[Round "2"]
[White "Sailer, Mike L"]
[Black "Litchfield, Frederick"]
[Result "0-1"]
[WhiteElo "2109"]
[BlackElo "2197"]
[PlyCount "118"]
[EventDate "2023.05.16"]
[EventType "swiss (blitz)"]
[EventRounds "11"]
[EventCountry "USA"]
[SourceTitle "CBM 214 Extra"]
[Source "ChessBase"]
[SourceDate "2023.07.31"]
[SourceVersion "1"]
[SourceVersionDate "2023.07.31"]
[SourceQuality "1"]

1. d4 d5 2. Bg5 f6 3. Bh4 c5 4. e3 Nc6 5. Nc3 e6 6. Nf3 Nh6 7. Bb5 Bd7 8. a3 Nf5 9. Bg3 cxd4 10. exd4 Qb6 11. 0-0 Nfxd4 12. Nxd4 Nxd4 13. Bxd7+ Kxd7 14. Na4 Qc6 15. Qxd4 b5 16. Nc3 Bc5 17. Qg4 g6 18. Rfe1 Rae8 19. Rad1 f5 20. Qe2 a6 21. Be5 Rhf8 22. Na2 Qb6 23. Nb4 Kc8 24. Nd3 Be7 25. Qe3 Qxe3 26. Rxe3 Kd7 27. c3 g5 28. f3 Rg8 29. Kf1 Rg6 30. Bd4 Bd6 31. Ne5+ Bxe5 32. Bxe5 Rh6 33. Kg1 Rg6 34. a4 Kc6 35. axb5+ Kxb5 36. Rd4 Rc8 37. Rb4+ Kc6 38. Re1 Rgg8 39. Ra1 Ra8 40. Ra5 Rgc8 41. Bd4 Kd7 42. Rc5 Rxc5 43. Bxc5 Kc6 44. Bd4 Kc7 45. Be5+ Kc6 46. Kf2 h5 47. Ke3 a5 48. Rb3 Ra7 49. Kd4 Rf7 50. Rb8 f4 51. Rh8 g4 52. Rxh5 gxf3 53. gxf3 Rf8 54. Rh4 Rg8 55. Rg4 Ra8 56. Rxf4 Ra7 57. Rf8 Rh7 58. Rc8+ Kb7 59. Re8 Rf7 0-1

[Event "Titled Tuesday intern op 09th May Late"]
[Site "Chess.com INT"]
[Date "2023.05.09"]
[Round "8"]
[White "Herman, Daniel"]
[Black "Litchfield, Frederick"]
[Result "0-1"]
[WhiteElo "1956"]
[BlackElo "2197"]
[PlyCount "178"]
[EventDate "2023.05.09"]
[EventType "swiss (blitz)"]
[EventRounds "11"]
[EventCountry "USA"]
[SourceTitle "CBM 214 Extra"]
[Source "ChessBase"]
[SourceDate "2023.07.31"]
[SourceVersion "1"]
[SourceVersionDate "2023.07.31"]
[SourceQuality "1"]

1. c4 b6 2. Nc3 Bb7 3. e4 e6 4. a3 c5 5. Nf3 d6 6. d4 cxd4 7. Nxd4 a6 8. Bd3 Nf6 9. 0-0 Be7 10. b4 Qc7 11. Bb2 Nbd7 12. Rc1 Rc8 13. f4 0-0 14. Qf3 Qb8 15. Qh3 Rfe8 16. Rce1 Bf8 17. e5 dxe5 18. fxe5 Nxe5 19. Bb1 Ng6 20. Rxf6 gxf6 21. Ne4 Bg7 22. Rf1 Bxe4 23. Bxe4 Rxc4 24. Bd3 Rcc8 25. Bxa6 Rcd8 26. Nc6 Qa8 27. b5 Rd2 28. Bc3 Rd6 29. Bb4 Rxc6 30. bxc6 Qxc6 31. Qd3 Ra8 32. Bb5 Qb7 33. Rc1 Rc8 34. Rxc8+ Qxc8 35. Qc3 Qxc3 36. Bxc3 f5 37. Bd2 Bd4+ 38. Kf1 Bc5 39. a4 Kf8 40. Bg5 Ne5 41. Bf6 Ng6 42. Bd8 Ne7 43. Bc7 Nd5 44. Bb8 Ke7 45. Ba7 Kd8 46. a5 Kc7 47. a6 Ne7 48. Ke2 Nc8 49. Bxb6+ Bxb6 50. Be8 Nd6 51. Ba4 Kd8 52. Kd3 Ke7 53. g3 e5 54. Bc6 e4+ 55. Ke2 Ke6 56. Ba8 Ke5 57. Bc6 Ba7 58. Bb7 f4 59. gxf4+ Kxf4 60. Bd5 Ke5 61. Bc6 f5 62. Bd7 f4 63. Bg4 f3+ 64. Bxf3 exf3+ 65. Kxf3 Kf5 66. Kg3 Nb5 67. Kf3 Nc7 68. Kg3 Nxa6 69. Kh4 Kg6 70. Kg4 Bb8 71. h4 h5+ 72. Kh3 Nc5 73. Kg2 Kf5 74. Kh3 Ne6 75. Kg2 Kg4 76. Kh1 Kxh4 77. Kg1 Be5 78. Kg2 Bh8 79. Kg1 Kg3 80. Kh1 Ng5 81. Kg1 Ne4 82. Kh1 Nf2+ 83. Kg1 h4 84. Kf1 h3 85. Kg1 h2+ 86. Kf1 h1Q+ 87. Ke2 Qf3+ 88. Kd2 Qd3+ 89. Ke1 Qd1# 0-1

[Event "Titled Tuesday intern op 21st Mar Late"]
[Site "Chess.com INT"]
[Date "2023.03.21"]
[Round "5"]
[White "Ricaurte Lopez, Juan Carlos"]
[Black "Litchfield, Frederick"]
[Result "0-1"]
[WhiteElo "2226"]
[BlackElo "2134"]
[PlyCount "84"]
[EventDate "2023.03.21"]
[EventType "swiss (blitz)"]
[EventRounds "11"]
[EventCountry "USA"]
[SourceTitle "EXT 2024"]
[Source "ChessBase"]
[SourceDate "2023.10.10"]
[SourceVersion "1"]
[SourceVersionDate "2023.10.10"]
[SourceQuality "1"]

1. e4 e6 2. d4 d5 3. exd5 exd5 4. Nf3 Nf6 5. c4 Bb4+ 6. Nc3 0-0 7. Be2 Bg4 8. 0-0 c6 9. c5 Nbd7 10. Bg5 Re8 11. h3 Bh5 12. g4 Bg6 13. Nh4 Qe7 14. Nxg6 hxg6 15. Bd3 Ba5 16. Qf3 Bc7 17. Kg2 Qf8 18. b4 a6 19. Rfe1 Nh7 20. Bf4 Bxf4 21. Qxf4 Rxe1 22. Rxe1 Qd8 23. Qd6 Ndf8 24. Re7 Qxd6 25. cxd6 Rb8 26. Na4 b6 27. Bxa6 Ra8 28. Bb7 Rxa4 29. d7 Nxd7 30. Rxd7 Nf6 31. Rd8+ Kh7 32. Bxc6 Rxa2 33. Bxd5 Nxd5 34. Rxd5 Rb2 35. Rb5 Rd2 36. Rxb6 Rxd4 37. Kg3 g5 38. h4 Rd3+ 39. f3 gxh4+ 40. Kxh4 Rxf3 41. Kg5 f6+ 42. Kh4 g5+ 0-1